00378nam a2200157Ia 4500003000400000005001700004008004100021040000700062041000800069082001700077100002500094245003300119260004400152300001200196365001200208OSt20230330155617.0210423s2007 xx 000 0 und d cAL aeng a658 VARM223 aVARMA (M N);AGARWAL. aOrganization and management. aAgrabSahitya Bhawan Publicationsc2007 axiv,708 b60cINR